Seed production of agricultural crops (Record no. 39805)
[ view plain ]
| 000 -LEADER | |
|---|---|
| fixed length control field | 00287nam a2200109Ia 4500 |
| 082 ## - DEWEY DECIMAL CLASSIFICATION NUMBER | |
| Classification number | 581.48:633 |
| Item number | KEL |
| 100 ## - MAIN ENTRY--AUTHOR NAME | |
| Personal name | Kellyy, A Fenwick |
| 245 #0 - TITLE STATEMENT | |
| Title | Seed production of agricultural crops |
| 260 ## - PUBLICATION, DISTRIBUTION, ETC. (IMPRINT) | |
| Place of publication | New York |
| Name of publisher | Longman |
| Year of publication | 1988 |
| 942 ## - ADDED ENTRY ELEMENTS (KOHA) | |
| Koha item type | Books |
| Withdrawn status | Lost status | Damaged status | Not for loan | Home library | Current library | Date acquired | Full call number | Accession Number | Koha item type |
|---|---|---|---|---|---|---|---|---|---|
| RRII Library | RRII Library | 16/12/2021 | 581.48:633 KEL | 20122 | Books |